Northernmost NATO Countries - Statistics

General Stats
  • This quiz has been taken 48 times
    37 since last reset
  • The average score is 9 of 10
Answer Stats
Latitude Country % Correct
80°49'N Norway
100%
83°06'N Canada
97%
71°23'N United States
97%
59°48'N Estonia
94%
58°05'N Latvia
94%
56°27'N Lithuania
94%
60°51'N United Kingdom
94%
83°40'N Denmark
91%
67°08'N Iceland
91%
55°03'N Germany
89%
No matching quizzes found
Score Distribution
Percent of People with Each Score
Percentile by Number Answered
Your Score History
You have not taken this quiz since the last reset